-
RITTER,JAMES M AND OTHERS
Entry Personal Name
Number of records used in: 1
001 - CONTROL NUMBER
003 - CONTROL NUMBER IDENTIFIER
005 - DATE AND TIME OF LATEST TRANSACTION
- control field:
20210825114051.0
008 - FIXED-LENGTH DATA ELEMENTS
- fixed length control field:
210825|| aca||aabn | a|a d
040 ## - CATALOGING SOURCE
- Original cataloging agency:
OSt
- Transcribing agency:
OSt
100 ## - HEADING--PERSONAL NAME
- Personal name:
RITTER,JAMES M AND OTHERS
670 ## - SOURCE DATA FOUND
- Source citation:
Work cat.: (OSt)7449: RITTER,JAMES M AND OTHERS, RANG & DALE'S PHARMACOLOGY, 2020